<?xml version="1.0" encoding="UTF-8"?>
<record
    xmlns:xsi="http://www.w3.org/2001/XMLSchema-instance"
    xsi:schemaLocation="http://www.loc.gov/MARC21/slim http://www.loc.gov/standards/marcxml/schema/MARC21slim.xsd"
    xmlns="http://www.loc.gov/MARC21/slim">

  <leader>00724nam a22001577a 4500</leader>
  <controlfield tag="003">OSt</controlfield>
  <controlfield tag="005">20151208164729.0</controlfield>
  <controlfield tag="008">151208b        xxu||||| |||| 00| 0 eng d</controlfield>
  <datafield tag="040" ind1=" " ind2=" ">
    <subfield code="c">RUA</subfield>
  </datafield>
  <datafield tag="082" ind1=" " ind2=" ">
    <subfield code="a">ATM THO 2008 B195 Or.1</subfield>
  </datafield>
  <datafield tag="100" ind1=" " ind2=" ">
    <subfield code="9">4559</subfield>
    <subfield code="a">THOUNG, SODANY</subfield>
  </datafield>
  <datafield tag="245" ind1=" " ind2=" ">
    <subfield code="a">Women participation of household economic development in tboung khmom district,kampong cham province, &#x1780;&#x17B6;&#x179A;&#x1785;&#x17BC;&#x179B;&#x179A;&#x17BD;&#x1798;&#x179A;&#x1794;&#x179F;&#x17CB;&#x179F;&#x17D2;&#x179A;&#x17D2;&#x178F;&#x17B8;&#x1780;&#x17D2;&#x1793;&#x17BB;&#x1784;&#x1780;&#x17B6;&#x179A;&#x17A2;&#x1797;&#x17B7;&#x179C;&#x178C;&#x17D2;&#x1788;&#x1793;&#x17CD;&#x179F;&#x17C1;&#x178A;&#x17D2;&#x178B;&#x1780;&#x17B7;&#x1785;&#x17D2;&#x1785;&#x1782;&#x17D2;&#x179A;&#x17BD;&#x179F;&#x17B6;&#x179A;&#x1780;&#x17D2;&#x1793;&#x17BB;&#x1784;&#x179F;&#x17D2;&#x179A;&#x17BB;&#x17BB;&#x1780;&#x178F;&#x17D2;&#x1794;&#x17BD;&#x1784;&#x1783;&#x17BB;&#x17C6; &#x1781;&#x17C1;&#x178F;&#x17D2;&#x178F;&#x1780;&#x17C6;&#x1796;&#x1784;&#x17CB;&#x1785;&#x17B6;&#x1798;</subfield>
  </datafield>
  <datafield tag="260" ind1=" " ind2=" ">
    <subfield code="a">Phnom Penh</subfield>
    <subfield code="b">RUA</subfield>
    <subfield code="c">2008</subfield>
  </datafield>
  <datafield tag="300" ind1=" " ind2=" ">
    <subfield code="a">xiv, 48p.</subfield>
    <subfield code="b">ill.</subfield>
    <subfield code="c">29cm.</subfield>
  </datafield>
  <datafield tag="942" ind1=" " ind2=" ">
    <subfield code="2">ddc</subfield>
    <subfield code="c">ATM</subfield>
  </datafield>
  <datafield tag="999" ind1=" " ind2=" ">
    <subfield code="c">4248</subfield>
    <subfield code="d">4248</subfield>
  </datafield>
  <datafield tag="952" ind1=" " ind2=" ">
    <subfield code="0">0</subfield>
    <subfield code="1">0</subfield>
    <subfield code="2">ddc</subfield>
    <subfield code="4">0</subfield>
    <subfield code="6">ATM_THO_2008_000000000000000_B195_OR_1</subfield>
    <subfield code="7">0</subfield>
    <subfield code="9">21467</subfield>
    <subfield code="a">LBB</subfield>
    <subfield code="b">LBB</subfield>
    <subfield code="d">2015-12-08</subfield>
    <subfield code="l">5</subfield>
    <subfield code="m">2</subfield>
    <subfield code="o">ATM THO 2008 B195 Or.1</subfield>
    <subfield code="p">RUA44150</subfield>
    <subfield code="r">2017-10-31</subfield>
    <subfield code="s">2017-08-19</subfield>
    <subfield code="w">2015-12-08</subfield>
    <subfield code="y">ATM</subfield>
  </datafield>
  <datafield tag="952" ind1=" " ind2=" ">
    <subfield code="0">0</subfield>
    <subfield code="1">0</subfield>
    <subfield code="2">ddc</subfield>
    <subfield code="4">0</subfield>
    <subfield code="6">ATM_THO_2008_000000000000000_B195_OR_2</subfield>
    <subfield code="7">0</subfield>
    <subfield code="9">21468</subfield>
    <subfield code="a">LBB</subfield>
    <subfield code="b">LBB</subfield>
    <subfield code="d">2015-12-08</subfield>
    <subfield code="l">2</subfield>
    <subfield code="o">ATM THO 2008 B195 Or.2</subfield>
    <subfield code="p">RUA41454</subfield>
    <subfield code="r">2021-12-08</subfield>
    <subfield code="s">2021-12-06</subfield>
    <subfield code="w">2015-12-08</subfield>
    <subfield code="y">ATM</subfield>
  </datafield>
  <datafield tag="952" ind1=" " ind2=" ">
    <subfield code="0">0</subfield>
    <subfield code="1">0</subfield>
    <subfield code="2">ddc</subfield>
    <subfield code="4">0</subfield>
    <subfield code="6">ATM_THO_2008_000000000000000_B195_OR_3</subfield>
    <subfield code="7">0</subfield>
    <subfield code="9">21469</subfield>
    <subfield code="a">LBB</subfield>
    <subfield code="b">LBB</subfield>
    <subfield code="d">2015-12-08</subfield>
    <subfield code="l">2</subfield>
    <subfield code="o">ATM THO 2008 B195 Or.3</subfield>
    <subfield code="p">RUA41395</subfield>
    <subfield code="r">2022-01-14</subfield>
    <subfield code="s">2021-12-29</subfield>
    <subfield code="w">2015-12-08</subfield>
    <subfield code="y">ATM</subfield>
  </datafield>
</record>
